[Event "17PCR_ZK01"]
[Site "?"]
[Date "2007.??.??"]
[Round "?"]
[White "Cvak, Rudolf"]
[Black "Svoboda, Josef"]
[Result "1-0"]
[WhiteElo "2247"]
[BlackElo "1847"]
[PlyCount "35"]
[EventDate "2007.??.??"]
[EventType "corr"]
[EventRounds "2"]
[SourceDate "2007.06.28"]

1. e4 e5 2. f4 exf4 3. Nf3 Be7 4. Bc4 Nf6 5. e5 Ng4 6. d4 Bh4+ 7. Kf1 Nf2 8.
Qe1 Nxh1 9. Nxh4 g5 10. Nc3 gxh4 11. Bxf4 Nc6 12. Nd5 h5 13. Qe3 Na5 14. Nf6+
Ke7 15. Bd3 Kf8 16. Bh6+ Ke7 17. Nd5+ Ke6 18. Qh3+ 1-0

[Event "17PCR_ZK01"]
[Site "?"]
[Date "2007.??.??"]
[Round "?"]
[White "Cvak, Rudolf"]
[Black "Hampl, Bohumil"]
[Result "1-0"]
[WhiteElo "2247"]
[BlackElo "1930"]
[PlyCount "33"]
[EventDate "2007.??.??"]
[EventType "corr"]
[EventRounds "2"]
[SourceDate "2007.06.28"]

1. e4 e5 2. f4 exf4 3. Nf3 d5 4. exd5 Nf6 5. Bc4 Bd6 6. Nc3 O-O 7. O-O Bg4 8.
d4 Nbd7 9. Bb3 Nb6 10. Qd3 Re8 11. Ne5 Nbd7 12. Nxg4 Nxg4 13. Bxf4 Ndf6 14. h3
Bxf4 15. Rxf4 Nh6 16. Raf1 a5 17. g4 1-0

[Event "17PCR_ZK01"]
[Site "?"]
[Date "2007.??.??"]
[Round "?"]
[White "Cvak, Rudolf"]
[Black "Vins, Karel"]
[Result "1-0"]
[WhiteElo "2247"]
[BlackElo "1732"]
[PlyCount "55"]
[EventDate "2007.??.??"]
[EventType "corr"]
[EventRounds "2"]
[SourceDate "2007.06.28"]

1. e4 e5 2. Nf3 Nc6 3. Bc4 Bc5 4. b4 Bxb4 5. c3 Be7 6. Qb3 Nh6 7. d4 Na5 8. Qb5
Nxc4 9. Bxh6 gxh6 10. Qxc4 exd4 11. cxd4 c6 12. Nc3 d6 13. O-O Bg4 14. Qd3 Qd7
15. Rab1 O-O-O 16. d5 c5 17. Rb3 Qc7 18. Nb5 Qb8 19. Rfb1 Rd7 20. Nfd4 cxd4 21.
Qxd4 b6 22. Qc3+ Rc7 23. Qxh8+ Kd7 24. Qb2 Rc8 25. Nxa7 Qxa7 26. Rxb6 Kc7 27.
h3 Bd7 28. Rc1+ 1-0

[Event "17PCR_ZK01"]
[Site "?"]
[Date "2007.??.??"]
[Round "?"]
[White "Svoboda, Josef"]
[Black "Cvak, Rudolf"]
[Result "0-1"]
[WhiteElo "1847"]
[BlackElo "2247"]
[PlyCount "46"]
[EventDate "2007.??.??"]
[EventType "corr"]
[EventRounds "2"]
[SourceDate "2007.06.28"]

1. e4 c5 2. Nf3 d6 3. d4 cxd4 4. Nxd4 Nf6 5. Nc3 a6 6. Be2 e5 7. Nb3 Be7 8. O-O
O-O 9. Be3 Be6 10. f4 exf4 11. Rxf4 Nbd7 12. Nd4 Ne5 13. Kh1 Rc8 14. Nf5 Qd7
15. Nxe7+ Qxe7 16. a4 Rfe8 17. Bd4 Nfd7 18. Nd5 Bxd5 19. exd5 Nf6 20. Be3 Ng6
21. Rf3 Ng4 22. Ra3 Qe5 23. Rg3 Nf2+ 0-1

[Event "17PCR_ZK01"]
[Site "?"]
[Date "2007.??.??"]
[Round "?"]
[White "Svoboda, Josef"]
[Black "Houdek, Vladimir"]
[Result "0-1"]
[WhiteElo "1847"]
[BlackElo "2185"]
[PlyCount "52"]
[EventDate "2007.??.??"]
[EventType "corr"]
[EventRounds "2"]
[SourceDate "2007.06.28"]

1. e4 e5 2. Nf3 Nc6 3. Bb5 a6 4. Ba4 Nf6 5. O-O Be7 6. Re1 b5 7. Bb3 d6 8. c3
O-O 9. h3 Na5 10. Bc2 c5 11. d4 Qc7 12. Nbd2 cxd4 13. cxd4 Nc6 14. Nb3 a5 15.
Bd3 a4 16. dxe5 dxe5 17. Nbd2 Nb4 18. Bb1 Be6 19. a3 Nc6 20. Ng5 Bd7 21. Ngf3
Rfd8 22. Bd3 Na5 23. Qc2 Qxc2 24. Bxc2 Rac8 25. Bd1 Be6 26. Ng5 Rxc1 0-1

[Event "17PCR_ZK01"]
[Site "?"]
[Date "2007.??.??"]
[Round "?"]
[White "Svoboda, Josef"]
[Black "Hampl, Bohumil"]
[Result "1/2-1/2"]
[WhiteElo "1847"]
[BlackElo "1930"]
[PlyCount "34"]
[EventDate "2007.??.??"]
[EventType "corr"]
[EventRounds "2"]
[SourceDate "2007.06.28"]

1. d4 Nf6 2. c4 e5 3. dxe5 Ng4 4. Nf3 Nc6 5. Bg5 Be7 6. Bxe7 Qxe7 7. Nc3 Qc5 8.
e3 Ngxe5 9. Nxe5 Nxe5 10. b3 Qe7 11. Nd5 Qd8 12. f4 Ng6 13. Bd3 c6 14. Nc3 d6
15. O-O O-O 16. Bxg6 fxg6 17. Qd4 Bg4 1/2-1/2

[Event "17PCR_ZK01"]
[Site "?"]
[Date "2007.??.??"]
[Round "?"]
[White "Hampl, Bohumil"]
[Black "Svoboda, Josef"]
[Result "1/2-1/2"]
[WhiteElo "1930"]
[BlackElo "1847"]
[PlyCount "39"]
[EventDate "2007.??.??"]
[EventType "corr"]
[EventRounds "2"]
[SourceDate "2007.06.28"]

1. e4 e5 2. Nf3 Nf6 3. Nc3 Nc6 4. d4 exd4 5. Nxd4 Bb4 6. Nxc6 bxc6 7. Bd3 d5 8.
exd5 Qe7+ 9. Qe2 Qxe2+ 10. Bxe2 Bxc3+ 11. bxc3 cxd5 12. Be3 O-O 13. c4 Bb7 14.
Rb1 Ba6 15. cxd5 Bxe2 16. Kxe2 Nxd5 17. Kf3 Nxe3 18. Kxe3 Rab8 19. Rhd1 Rfe8+
20. Kf4 1/2-1/2

[Event "17PCR_ZK01"]
[Site "?"]
[Date "2007.??.??"]
[Round "?"]
[White "Houdek, Vladimir"]
[Black "Svoboda, Josef"]
[Result "1-0"]
[WhiteElo "2185"]
[BlackElo "1847"]
[PlyCount "59"]
[EventDate "2007.??.??"]
[EventType "corr"]
[EventRounds "2"]
[SourceDate "2007.06.28"]

1. d4 Nf6 2. c4 g6 3. g3 Bg7 4. Bg2 O-O 5. Nf3 d5 6. cxd5 Nxd5 7. O-O Nf6 8.
Nc3 Nc6 9. Qa4 Bd7 10. Rd1 Ng4 11. Qc4 Na5 12. Qb4 c6 13. Bd2 f5 14. h3 Nf6 15.
Ne5 Be8 16. Rac1 b6 17. Qa3 Nd5 18. Nxd5 cxd5 19. Bb4 Bf6 20. Qf3 Kg7 21. b3
Kh8 22. Qxd5 Qxd5 23. Bxd5 Rd8 24. Bf3 Rg8 25. e3 Bxe5 26. dxe5 Rxd1+ 27. Rxd1
Bc6 28. Bxe7 Re8 29. Bf6+ Kg8 30. Be2 1-0

[Event "17PCR_ZK01"]
[Site "?"]
[Date "2007.??.??"]
[Round "?"]
[White "Houdek, Vladimir"]
[Black "Vins, Karel"]
[Result "1-0"]
[WhiteElo "2185"]
[BlackElo "1732"]
[PlyCount "59"]
[EventDate "2007.??.??"]
[EventType "corr"]
[EventRounds "2"]
[SourceDate "2007.06.28"]

1. d4 d5 2. c4 e6 3. Nf3 Nf6 4. cxd5 exd5 5. Bg5 Be7 6. e3 c6 7. Bd3 Bg4 8.
Nbd2 Nbd7 9. O-O O-O 10. Qc2 g6 11. h3 Bxf3 12. Nxf3 Ne4 13. Bh6 Re8 14. Bxe4
dxe4 15. Qxe4 Bf8 16. Qf4 Nf6 17. Bxf8 Rxf8 18. Ne5 Nd5 19. Qf3 f6 20. Nd3 Qc7
21. e4 Ne7 22. Nc5 Qc8 23. Qb3+ Kh8 24. Ne6 Re8 25. Rfe1 b6 26. Rac1 Qb7 27. d5
Nxd5 28. exd5 cxd5 29. Rc7 Qb8 30. Qc3 1-0

[Event "17PCR_ZK01"]
[Site "?"]
[Date "2007.??.??"]
[Round "?"]
[White "Vins, Karel"]
[Black "Houdek, Vladimir"]
[Result "0-1"]
[WhiteElo "1732"]
[BlackElo "2185"]
[PlyCount "52"]
[EventDate "2007.??.??"]
[EventType "corr"]
[EventRounds "2"]
[SourceDate "2007.06.28"]

1. d4 d5 2. Nf3 Nf6 3. g3 e6 4. Bg2 Be7 5. O-O O-O 6. Nbd2 b6 7. Re1 Bb7 8. c3
c5 9. e3 Nc6 10. a3 Qc7 11. Qc2 a5 12. dxc5 Bxc5 13. Nd4 a4 14. Nxc6 Bxc6 15.
Nf3 Rfd8 16. Nd4 Bb7 17. Bd2 e5 18. Ne2 Ba6 19. Rad1 Qd7 20. Bc1 Bc4 21. Qb1
Qb5 22. Rd2 Bxa3 23. Qf5 Bd6 24. f3 Bc5 25. Kf2 Re8 26. Qc2 Bxe3+ 0-1

[Event "17PCR_ZK01"]
[Site "?"]
[Date "2007.??.??"]
[Round "?"]
[White "Cvak, Rudolf"]
[Black "Latal, Frantisek"]
[Result "1-0"]
[WhiteElo "2247"]
[BlackElo "2129"]
[PlyCount "63"]
[EventDate "2007.??.??"]
[EventType "corr"]
[EventRounds "2"]
[SourceDate "2007.06.28"]

1. e4 e5 2. Nf3 Nc6 3. Bc4 Nf6 4. Ng5 d5 5. exd5 Na5 6. Bb5+ c6 7. dxc6 bxc6 8.
Qf3 Qc7 9. Bd3 Be7 10. O-O O-O 11. Nc3 Rb8 12. Bf5 Bxf5 13. Qxf5 g6 14. Qh3 Qd7
15. Qh6 Qg4 16. Re1 Qh5 17. Qxh5 Nxh5 18. Rxe5 Rfe8 19. Nf3 Nc4 20. Re2 Bf6 21.
d4 c5 22. g4 Rxe2 23. Nxe2 Re8 24. Kf1 Ng7 25. b3 Nd6 26. g5 Bxd4 27. Nfxd4
cxd4 28. Nxd4 Ne6 29. Nxe6 Rxe6 30. c4 f6 31. gxf6 Rxf6 32. c5 1-0

[Event "17PCR_ZK01"]
[Site "?"]
[Date "2007.??.??"]
[Round "?"]
[White "Latal, Frantisek"]
[Black "Houdek, Vladimir"]
[Result "1/2-1/2"]
[WhiteElo "2185"]
[BlackElo "2129"]
[PlyCount "66"]
[EventDate "2007.??.??"]
[EventType "corr"]
[EventRounds "2"]
[SourceDate "2007.06.28"]

1. e4 e5 2. Nf3 Nc6 3. Bb5 a6 4. Ba4 Nf6 5. O-O Be7 6. Re1 b5 7. Bb3 d6 8. a4
Bg4 9. c3 O-O 10. d3 Na5 11. Ba2 b4 12. Nbd2 Rb8 13. h3 Bh5 14. Nc4 Nxc4 15.
Bxc4 c6 16. cxb4 d5 17. exd5 cxd5 18. Ba2 e4 19. g4 Bg6 20. Ne5 Bxb4 21. Nxg6
hxg6 22. Re2 Bd6 23. Bg5 Qc7 24. Kf1 Bc5 25. Rc1 Qe5 26. Bxf6 Qh2 27. Ke1 Bb6
28. Bc3 d4 29. Bb4 Bd8 30. Rc4 Rxb4 31. Rxb4 Ba5 32. Rxe4 Bxb4+ 33. Ke2 Qxh3
1/2-1/2

[Event "17PCR_ZK01"]
[Site "?"]
[Date "2007.??.??"]
[Round "?"]
[White "Houdek, Vladimir"]
[Black "Hampl, Bohumil"]
[Result "1-0"]
[WhiteElo "2185"]
[BlackElo "1930"]
[PlyCount "53"]
[EventDate "2007.??.??"]
[EventType "corr"]
[EventRounds "2"]
[SourceDate "2007.06.28"]

1. d4 Nf6 2. c4 e5 3. dxe5 Ng4 4. Bf4 Nc6 5. Nf3 Bb4+ 6. Nbd2 Qe7 7. e3 Ngxe5
8. Nxe5 Nxe5 9. Be2 d6 10. O-O O-O 11. Nb3 Ng6 12. Bg3 Rd8 13. a3 Bc5 14. Nxc5
dxc5 15. Qc2 c6 16. Rad1 Be6 17. b3 Rxd1 18. Rxd1 Rd8 19. Rxd8+ Qxd8 20. Qd1
Qxd1+ 21. Bxd1 b5 22. Be2 f6 23. Bd6 bxc4 24. Bxc4 Bxc4 25. bxc4 Ne5 26. Bxe5
fxe5 27. Kf1 1-0

[Event "17PCR_ZK01"]
[Site "?"]
[Date "2007.??.??"]
[Round "?"]
[White "Houdek, Vladimir"]
[Black "Ptacek, Jiri"]
[Result "1-0"]
[WhiteElo "2185"]
[BlackElo "1751"]
[PlyCount "43"]
[EventDate "2007.??.??"]
[EventType "corr"]
[EventRounds "2"]
[SourceDate "2007.06.28"]

1. d4 d5 2. c4 dxc4 3. Nf3 Nf6 4. e3 e6 5. Bxc4 Be7 6. O-O O-O 7. Nc3 Nc6 8. a3
a6 9. Qc2 Re8 10. Rd1 Bd7 11. e4 g6 12. b4 b5 13. Ba2 Qc8 14. e5 Nh5 15. Ne4 f5
16. exf6 Nxf6 17. d5 Nxd5 18. Rxd5 Rf8 19. Qc3 exd5 20. Bxd5+ Be6 21. Bb2 Rf7
22. Qh8# 1-0

[Event "17PCR_ZK01"]
[Site "?"]
[Date "2007.??.??"]
[Round "?"]
[White "Ptacek, Jiri"]
[Black "Vins, Karel"]
[Result "1/2-1/2"]
[WhiteElo "1751"]
[BlackElo "1732"]
[PlyCount "64"]
[EventDate "2007.??.??"]
[EventType "corr"]
[EventRounds "2"]
[SourceDate "2007.06.28"]

1. Nf3 Nf6 2. d4 d5 3. e3 c6 4. c4 e6 5. c5 b5 6. Bd3 g6 7. Ne5 Qc7 8. Nd2 Bg7
9. O-O O-O 10. Ndf3 Nbd7 11. b4 a6 12. a4 Bb7 13. a5 Nxe5 14. Nxe5 Nd7 15. Nxd7
Qxd7 16. f4 f5 17. Bb2 h5 18. Rf3 Kf7 19. Qc2 Bf6 20. Bc3 Qe7 21. Be1 Bc8 22.
Ra2 Bd7 23. Rh3 Rh8 24. Rf3 Rag8 25. h3 Ke8 26. Bg3 Kd8 27. Kf1 h4 28. Bh2 g5
29. fxg5 Bxg5 30. Bd6 Qf7 31. Ke1 Be7 32. Be5 Rh5 1/2-1/2

[Event "17PCR_ZK01"]
[Site "?"]
[Date "2007.??.??"]
[Round "?"]
[White "Vins, Karel"]
[Black "Ptacek, Jiri"]
[Result "1/2-1/2"]
[WhiteElo "1732"]
[BlackElo "1751"]
[PlyCount "63"]
[EventDate "2007.??.??"]
[EventType "corr"]
[EventRounds "2"]
[SourceDate "2007.06.28"]

1. d4 d5 2. Nf3 Nf6 3. g3 g6 4. Bg2 Bg7 5. O-O O-O 6. Re1 Re8 7. c3 Nc6 8. Nbd2
e5 9. dxe5 Nxe5 10. Nd4 c5 11. N4f3 Nxf3+ 12. Nxf3 Be6 13. Nd2 c4 14. Nf3 b5
15. e3 a6 16. Nd4 Rc8 17. h3 Qd7 18. Nxe6 Qxe6 19. a3 Red8 20. Qe2 Ne4 21. Bd2
Nc5 22. Rab1 f5 23. Red1 Nb3 24. Be1 Nc5 25. h4 Qf7 26. Bd2 Nd3 27. Bc1 Rb8 28.
Bf1 Rb6 29. Qc2 Nxc1 30. Qxc1 Rbd6 31. Bg2 Bf6 32. Qc2 1/2-1/2

[Event "17PCR_ZK01"]
[Site "?"]
[Date "2007.??.??"]
[Round "?"]
[White "Houdek, Vladimir"]
[Black "Latal, Frantisek"]
[Result "1/2-1/2"]
[WhiteElo "2185"]
[BlackElo "2129"]
[PlyCount "53"]
[EventDate "2007.??.??"]
[EventType "corr"]
[EventRounds "2"]
[SourceDate "2007.06.28"]

1. d4 d5 2. c4 e6 3. Nc3 Nf6 4. cxd5 exd5 5. Bg5 Bb4 6. e3 O-O 7. Nf3 h6 8. Bh4
Bf5 9. Be2 g5 10. Bg3 Ne4 11. Qb3 Nc6 12. O-O Bxc3 13. bxc3 Rb8 14. Rad1 Nxg3
15. hxg3 Re8 16. Rfe1 a6 17. c4 Na5 18. Qb4 Nxc4 19. Bxc4 dxc4 20. Qxc4 Qd6 21.
Ne5 Be6 22. Qc3 f6 23. Nd3 Bxa2 24. Nc5 Bf7 25. Ra1 Qc6 26. Qd3 Kg7 27. e4
1/2-1/2

[Event "17PCR_ZK01"]
[Site "?"]
[Date "2007.??.??"]
[Round "?"]
[White "Latal, Frantisek"]
[Black "Cvak, Rudolf"]
[Result "0-1"]
[WhiteElo "2129"]
[BlackElo "2247"]
[PlyCount "42"]
[EventDate "2007.??.??"]
[EventType "corr"]
[EventRounds "2"]
[SourceDate "2007.06.28"]

1. e4 c5 2. Nf3 d6 3. d4 cxd4 4. Nxd4 Nf6 5. Nc3 Nc6 6. Bg5 Bd7 7. Qd2 Rc8 8.
Be2 h6 9. Nxc6 Bxc6 10. Bxf6 gxf6 11. Bg4 e6 12. O-O-O b5 13. Qd4 Be7 14. Qxa7
Ra8 15. Qd4 Qa5 16. f3 b4 17. Nb1 O-O 18. Qe3 Qxa2 19. Rd4 Ba4 20. Rhd1 Rfc8
21. R1d2 Bxc2 0-1

[Event "17PCR_ZK01"]
[Site "?"]
[Date "2007.??.??"]
[Round "?"]
[White "Hampl, Bohumil"]
[Black "Houdek, Vladimir"]
[Result "0-1"]
[WhiteElo "1930"]
[BlackElo "2129"]
[PlyCount "48"]
[EventDate "2007.??.??"]
[EventType "corr"]
[EventRounds "2"]
[SourceDate "2007.06.28"]

1. e4 e5 2. Nf3 Nc6 3. d4 exd4 4. Bc4 Nf6 5. e5 d5 6. Bb5 Ne4 7. Nxd4 Bd7 8.
Bxc6 bxc6 9. O-O Bc5 10. f3 Ng5 11. f4 Ne4 12. Be3 Qb8 13. Qc1 Bxd4 14. Bxd4 c5
15. Be3 d4 16. Bf2 O-O 17. Bh4 f5 18. c3 Qb6 19. Nd2 Rac8 20. Rd1 Bb5 21. Nf3
Be2 22. Re1 d3 23. Nd2 c4+ 24. Kh1 Rf7 0-1

[Event "17PCR_ZK01"]
[Site "?"]
[Date "2007.??.??"]
[Round "?"]
[White "Latal, Frantisek"]
[Black "Vins, Karel"]
[Result "1-0"]
[WhiteElo "2129"]
[BlackElo "1732"]
[PlyCount "69"]
[EventDate "2007.??.??"]
[EventType "corr"]
[EventRounds "2"]
[SourceDate "2007.06.28"]

1. e4 e5 2. Nf3 Nc6 3. Bb5 a6 4. Ba4 Nf6 5. O-O Be7 6. Re1 b5 7. Bb3 d6 8. c3
O-O 9. h3 h6 10. a4 Bb7 11. d4 Nh7 12. d5 Na5 13. Ba2 c5 14. dxc6 Nxc6 15. b4
Qc7 16. axb5 axb5 17. Qd3 Na7 18. Bb3 Bc8 19. Re2 Be6 20. Bxe6 fxe6 21. Rea2
Qb7 22. Be3 Nc6 23. Rxa8 Rxa8 24. Rxa8+ Qxa8 25. Qxb5 Qc8 26. Qc4 Qd7 27. b5
Nd8 28. b6 Nb7 29. Qc7 Nf8 30. Na3 Bd8 31. Qb8 Qc6 32. Nc4 Qxc4 33. Qxb7 Qb5
34. Qc8 Qd7 35. b7 1-0

[Event "17PCR_ZK01"]
[Site "?"]
[Date "2007.??.??"]
[Round "?"]
[White "Vins, Karel"]
[Black "Latal, Frantisek"]
[Result "0-1"]
[WhiteElo "1732"]
[BlackElo "2129"]
[PlyCount "58"]
[EventDate "2007.??.??"]
[EventType "corr"]
[EventRounds "2"]
[SourceDate "2007.06.28"]

1. d4 d5 2. Nf3 e6 3. g3 c5 4. c3 Nf6 5. Bg2 Nc6 6. O-O Be7 7. Bf4 O-O 8. Re1
Qb6 9. b3 cxd4 10. Nxd4 Ne4 11. Bxe4 dxe4 12. Nxc6 Qxc6 13. Qc2 b6 14. c4 Bb7
15. e3 Bf6 16. Nc3 g5 17. Bxg5 Bxg5 18. Ne2 Rfd8 19. Rad1 Rxd1 20. Rxd1 Rd8 21.
Rxd8+ Bxd8 22. Nc3 Bf6 23. Ne2 Qd6 24. Kf1 Qd3 25. Qb1 Qxb1+ 26. Kg2 Qxa2 27.
Nd4 Bxd4 28. exd4 e3+ 29. Kh3 Qxf2 0-1

[Event "17PCR_ZK01"]
[Site "?"]
[Date "2007.??.??"]
[Round "?"]
[White "Latal, Frantisek"]
[Black "Svoboda, Josef"]
[Result "1-0"]
[WhiteElo "2129"]
[BlackElo "1847"]
[PlyCount "75"]
[EventDate "2007.??.??"]
[EventType "corr"]
[EventRounds "2"]
[SourceDate "2007.06.28"]

1. e4 e5 2. Nf3 Nc6 3. Bb5 a6 4. Ba4 Nf6 5. O-O Be7 6. Re1 b5 7. Bb3 d6 8. c3
O-O 9. h3 Bb7 10. d4 Na5 11. Bc2 Nc6 12. d5 Na5 13. Nbd2 Bc8 14. b4 Nb7 15. Bb2
Bd7 16. a3 c6 17. c4 a5 18. Re3 bxc4 19. dxc6 Bxc6 20. Nxc4 Qc7 21. Rc1 axb4
22. axb4 Nd8 23. Qd2 Ne6 24. Bb3 Nxe4 25. Qc2 Rac8 26. Rxe4 Bxe4 27. Qxe4 Qb8
28. Na5 Rxc1+ 29. Bxc1 Bf6 30. Be3 g6 31. Nc6 Qb5 32. Bc4 Qb7 33. b5 Rc8 34.
Qd5 Be7 35. Nd2 Bf8 36. Ne4 Qc7 37. Bd2 Kg7 38. Ba5 1-0

[Event "17PCR_ZK01"]
[Site "?"]
[Date "2007.??.??"]
[Round "?"]
[White "Ptacek, Jiri"]
[Black "Latal, Frantisek"]
[Result "0-1"]
[WhiteElo "1751"]
[BlackElo "2129"]
[PlyCount "58"]
[EventDate "2007.??.??"]
[EventType "corr"]
[EventRounds "2"]
[SourceDate "2007.06.28"]

1. d4 d5 2. Nf3 e6 3. e3 Nf6 4. c4 c5 5. cxd5 exd5 6. Bb5+ Nc6 7. a4 a6 8.
Bxc6+ bxc6 9. h3 cxd4 10. exd4 Bd6 11. O-O O-O 12. Nc3 Re8 13. Bg5 h6 14. Be3
Bf5 15. Ne2 Rb8 16. Ra2 a5 17. Bf4 Rxe2 18. Qxe2 Bxf4 19. Nh4 Be4 20. Nf3 Rb3
21. Rd1 Bxf3 22. gxf3 Nh5 23. Kf1 Qd7 24. Ra3 Qxh3+ 25. Ke1 Ng3 26. fxg3 Bxg3+
27. Kd2 Rxb2+ 28. Kc1 Rxe2 29. Rc3 Qh2 0-1

[Event "17PCR_ZK01"]
[Site "?"]
[Date "2007.??.??"]
[Round "?"]
[White "Vins, Karel"]
[Black "Cvak, Rudolf"]
[Result "0-1"]
[WhiteElo "1732"]
[BlackElo "2247"]
[PlyCount "76"]
[EventDate "2007.??.??"]
[EventType "corr"]
[EventRounds "2"]
[SourceDate "2007.06.28"]

1. d4 d5 2. Nf3 Nf6 3. g3 e6 4. Bg2 c5 5. c3 Nc6 6. e3 Be7 7. O-O O-O 8. Nbd2
Qc7 9. dxc5 Bxc5 10. Re1 e5 11. b4 Be7 12. Bb2 e4 13. Nd4 Ne5 14. Bf1 Be6 15.
f4 Bg4 16. Qc1 Nc6 17. a3 Nxd4 18. cxd4 Qd7 19. Be2 Bxe2 20. Rxe2 a5 21. bxa5
Qb5 22. Re1 Rfc8 23. Qb1 Rxa5 24. Bc1 Qd7 25. Qb3 Rb5 26. Qd1 Rb6 27. Nb1 Qh3
28. Re2 Qh5 29. Re1 Ng4 30. Qe2 g5 31. Qg2 gxf4 32. gxf4 Rg6 33. Rf1 Nf2 34.
Qxg6+ Qxg6+ 35. Kxf2 Bh4+ 36. Ke2 Qa6+ 37. Kd1 Qxf1+ 38. Kd2 Qe1# 0-1

[Event "17PCR_ZK01"]
[Site "?"]
[Date "2007.??.??"]
[Round "?"]
[White "Cvak, Rudolf"]
[Black "Houdek, Vladimir"]
[Result "1/2-1/2"]
[WhiteElo "2247"]
[BlackElo "2185"]
[PlyCount "82"]
[EventDate "2007.??.??"]
[EventType "corr"]
[EventRounds "2"]
[SourceDate "2007.06.28"]

1. e4 e5 2. Nf3 Nc6 3. Bb5 a6 4. Ba4 Nf6 5. d4 exd4 6. O-O Be7 7. e5 Ne4 8.
Nxd4 O-O 9. Nf5 d5 10. Bxc6 bxc6 11. Nxe7+ Qxe7 12. Re1 Re8 13. f3 Nd6 14. b3
f6 15. Bb2 Nf7 16. f4 fxe5 17. fxe5 Bf5 18. Nd2 Ng5 19. Nf1 Rf8 20. a4 Qe6 21.
Ng3 Bg6 22. Qd2 Ne4 23. Nxe4 Bxe4 24. Rf1 Rab8 25. Rae1 Qg6 26. Ba3 Rfe8 27.
Re3 Qg5 28. Bb2 h5 29. Rf2 h4 30. Rh3 Qe7 31. g3 Rf8 32. Rxh4 Rxf2 33. Qxf2 Rf8
34. Qd2 Qc5+ 35. Bd4 Qxc2 36. Qxc2 Bxc2 37. Rg4 Kf7 38. Rf4+ Ke8 39. a5 Rxf4
40. gxf4 Bxb3 41. Kf2 Bc2 1/2-1/2

[Event "17PCR_ZK01"]
[Site "?"]
[Date "2007.??.??"]
[Round "?"]
[White "Houdek, Vladimir"]
[Black "Cvak, Rudolf"]
[Result "1/2-1/2"]
[WhiteElo "2185"]
[BlackElo "2247"]
[PlyCount "77"]
[EventDate "2007.??.??"]
[EventType "corr"]
[EventRounds "2"]
[SourceDate "2007.06.28"]

1. d4 Nf6 2. c4 g6 3. g3 Bg7 4. Bg2 d6 5. Nf3 O-O 6. O-O Nbd7 7. Nc3 e5 8. h3
c6 9. e4 exd4 10. Nxd4 Qb6 11. Nde2 Ne8 12. a3 a5 13. Rb1 Qa6 14. b3 Nc5 15.
Be3 f5 16. f3 Be6 17. Qd2 a4 18. Bxc5 dxc5 19. Nxa4 Bxc4 20. bxc4 Qxa4 21. exf5
Rxf5 22. Rxb7 Qxc4 23. f4 Rxa3 24. Re7 Rf8 25. Rd1 Bd4+ 26. Nxd4 cxd4 27. Qxd4
Qxd4+ 28. Rxd4 Rxg3 29. Rdd7 Nf6 30. Rc7 Rc3 31. Bxc6 Rxh3 32. Kg2 Rc3 33. Bd5+
Kh8 34. Rxh7+ Nxh7 35. Rxc3 Rxf4 36. Bb3 Kg7 37. Bc2 Rf7 38. Rg3 Nf8 39. Bxg6
1/2-1/2

[Event "17PCR_ZK01"]
[Site "?"]
[Date "2007.??.??"]
[Round "?"]
[White "Cvak, Rudolf"]
[Black "Ptacek, Jiri"]
[Result "1-0"]
[WhiteElo "2247"]
[BlackElo "1751"]
[PlyCount "57"]
[EventDate "2007.??.??"]
[EventType "corr"]
[EventRounds "2"]
[SourceDate "2007.06.28"]

1. e4 e6 2. d4 d5 3. e5 c6 4. Bd3 g6 5. Nf3 Bh6 6. O-O Bxc1 7. Qxc1 h5 8. c4
dxc4 9. Qxc4 Ne7 10. Nc3 Nd7 11. Ne4 Nf5 12. Nfg5 O-O 13. Qc3 Qe7 14. Rfd1 b5
15. Be2 Bb7 16. Rac1 f6 17. exf6 Nxf6 18. Nc5 Nd5 19. Qd2 Rf6 20. Nf3 a6 21.
Ne5 Rff8 22. Nxg6 Qf7 23. Qg5 Ng7 24. Qh6 Qxf2+ 25. Kh1 Qxe2 26. Qh8+ Kf7 27.
Qh7 Nf6 28. Rf1 Qxb2 29. Rxf6+ 1-0

[Event "17PCR_ZK01"]
[Site "?"]
[Date "2007.??.??"]
[Round "?"]
[White "Ptacek, Jiri"]
[Black "Cvak, Rudolf"]
[Result "0-1"]
[WhiteElo "1751"]
[BlackElo "2247"]
[PlyCount "64"]
[EventDate "2007.??.??"]
[EventType "corr"]
[EventRounds "2"]
[SourceDate "2007.06.28"]

1. Nf3 Nf6 2. d4 g6 3. g3 d5 4. Bg2 Bg7 5. O-O O-O 6. Nc3 c6 7. Bg5 Na6 8. a3
Nc7 9. Bxf6 Bxf6 10. e3 Bf5 11. Re1 Ne6 12. Ne2 Qb6 13. b4 a5 14. c3 Ra7 15.
Nc1 axb4 16. cxb4 Rfa8 17. Qb3 Ra4 18. Nd2 Nxd4 19. exd4 Bxd4 20. Nd3 Bxd3 21.
Qxd3 Bxf2+ 22. Kf1 Bxe1 23. Kxe1 Qg1+ 24. Bf1 Rxb4 25. Rb1 Rxb1+ 26. Nxb1 Ra4
27. Nd2 e5 28. Nf3 Qa7 29. Nxe5 Rxa3 30. Nxc6 Ra1+ 31. Ke2 Ra2+ 32. Ke1 Qf2+
0-1

[Event "17PCR_ZK01"]
[Site "?"]
[Date "2007.??.??"]
[Round "?"]
[White "Svoboda, Josef"]
[Black "Ptacek, Jiri"]
[Result "0-1"]
[WhiteElo "1847"]
[BlackElo "1751"]
[PlyCount "60"]
[EventDate "2007.??.??"]
[EventType "corr"]
[EventRounds "2"]
[SourceDate "2007.06.28"]

1. e4 e5 2. Nf3 Nc6 3. Bb5 a6 4. Ba4 Nf6 5. O-O b5 6. Bb3 Be7 7. a4 b4 8. d4 d6
9. dxe5 Nxe5 10. Nxe5 dxe5 11. f3 Qxd1 12. Rxd1 O-O 13. Be3 a5 14. Nd2 Ba6 15.
Nc4 Bxc4 16. Bxc4 c6 17. c3 h6 18. cxb4 Bxb4 19. h3 Rfe8 20. Rac1 Red8 21. h4
Nd7 22. Be2 c5 23. Kh1 Kf8 24. Bb5 Ke7 25. b3 Rac8 26. Rd5 f6 27. h5 Nb6 28.
Bxc5+ Bxc5 29. Rdxc5 Rd1+ 30. Rxd1 Rxc5 0-1

[Event "17PCR_ZK01"]
[Site "?"]
[Date "2007.??.??"]
[Round "?"]
[White "Svoboda, Josef"]
[Black "Vins, Karel"]
[Result "1-0"]
[WhiteElo "1847"]
[BlackElo "1732"]
[PlyCount "61"]
[EventDate "2007.??.??"]
[EventType "corr"]
[EventRounds "2"]
[SourceDate "2007.06.28"]

1. e4 c5 2. Nf3 d6 3. d4 cxd4 4. Nxd4 Nf6 5. Nc3 a6 6. f3 e5 7. Nb3 Be7 8. Bc4
O-O 9. Be3 b5 10. Bd5 Nxd5 11. Qxd5 Qd7 12. Qxa8 Nc6 13. O-O-O Bb7 14. Nc5 Bxa8
15. Nxd7 Rd8 16. Nb6 f6 17. Ncd5 Bf8 18. Nc7 Bb7 19. Ne6 Be7 20. Nxd8 Nxd8 21.
Nd5 Bf8 22. Rhf1 Bxd5 23. Rxd5 Kf7 24. a4 bxa4 25. Ra5 Nb7 26. Rxa6 Nc5 27.
Bxc5 dxc5 28. Rd1 a3 29. Rxa3 g5 30. Rd7+ Kg6 31. Ra8 1-0

[Event "17PCR_ZK01"]
[Site "?"]
[Date "2007.??.??"]
[Round "?"]
[White "Ptacek, Jiri"]
[Black "Svoboda, Josef"]
[Result "0-1"]
[WhiteElo "1751"]
[BlackElo "1847"]
[PlyCount "58"]
[EventDate "2007.??.??"]
[EventType "corr"]
[EventRounds "2"]
[SourceDate "2007.06.28"]

1. Nf3 Nf6 2. d4 d5 3. e3 e6 4. Bd3 c5 5. Bb5+ Bd7 6. Bxd7+ Nbxd7 7. O-O Bd6 8.
dxc5 Nxc5 9. b3 O-O 10. Ba3 Rc8 11. Bxc5 Rxc5 12. Nbd2 Qc7 13. c4 dxc4 14. Nxc4
Be7 15. Rc1 Rd8 16. Qe1 b5 17. Nce5 Rdd5 18. Rxc5 Rxc5 19. Qb1 Rxe5 20. Nxe5
Qxe5 21. g3 Qd5 22. Rd1 Qf3 23. Qd3 Ne4 24. Qc2 Nxf2 25. Qxf2 Qxd1+ 26. Kg2
Qd5+ 27. Kg1 Bc5 28. Kf1 Qe4 29. Ke2 a5 0-1

[Event "17PCR_ZK01"]
[Site "?"]
[Date "2007.??.??"]
[Round "?"]
[White "Vins, Karel"]
[Black "Svoboda, Josef"]
[Result "0-1"]
[WhiteElo "1732"]
[BlackElo "1847"]
[PlyCount "58"]
[EventDate "2007.??.??"]
[EventType "corr"]
[EventRounds "2"]
[SourceDate "2007.06.28"]

1. d4 Nf6 2. c4 e6 3. Nc3 Bb4 4. Qc2 O-O 5. a3 Be7 6. e4 d6 7. g3 Nc6 8. d5 Ne5
9. Bg2 Nxc4 10. b3 Nb6 11. dxe6 fxe6 12. Nge2 e5 13. Be3 Ng4 14. Bxb6 axb6 15.
O-O Be6 16. h3 Nf6 17. f3 c6 18. a4 d5 19. exd5 cxd5 20. Rab1 d4 21. Nb5 d3 22.
Qb2 dxe2 23. Qxe2 Bc5+ 24. Kh2 Qb8 25. f4 exf4 26. Qxe6+ Kh8 27. gxf4 Nh5 28.
Qe5 Nxf4 29. Kh1 Qxe5 0-1